| 000 | 00487nam a22001817a 4500 | ||
|---|---|---|---|
| 003 | NUST - PNEC | ||
| 005 | 20170116180815.0 | ||
| 008 | 150519b xxu||||| |||| 00| 0 eng d | ||
| 020 | _a- | ||
| 040 | _cLIBRARY | ||
| 082 | _a297.6092 KIR | ||
| 100 |
_93605 _aKirmani, Sayed Mir Ali |
||
| 245 |
_aTareekh e Tippu Sultan _cSyed Mir Ali Kirmani |
||
| 260 |
_aLahore: _bFiction House, _cc2000. |
||
| 300 |
_a464 p. : _c22 cm. |
||
| 650 |
_93606 _aHistory, Islam _xGeneral |
||
| 942 |
_2ddc _cBK |
||
| 999 |
_c63500 _d63500 |
||